ਸਿੱਖ ਧਰਮ ਦਾ ਆਰਥਿਕ ਪੱਖ / Sikh Dharam da Arhik pakh (Record no. 1464628)

MARC details
000 -LEADER
fixed length control field 00902 a2200241 4500
005 - DATE AND TIME OF LATEST TRANSACTION
control field 20251114112240.0
008 - FIXED-LENGTH DATA ELEMENTS--GENERAL INFORMATION
fixed length control field 251114b |||||||| |||| 00| 0 eng d
020 ## - INTERNATIONAL STANDARD BOOK NUMBER
International Standard Book Number 81876541643 (hbk)
037 ## - SOURCE OF ACQUISITION
Terms of availability TB
040 ## - CATALOGING SOURCE
Original cataloging agency CRL
Transcribing agency CRL
041 ## - LANGUAGE CODE
Source of code pun
Language code of text/sound track or separate title pun
084 ## - COLON CLASSIFICATION NUMBER
Classification number Q8441 153R5
Assigning agency CRL
100 ## - MAIN ENTRY--PERSONAL NAME
Personal name ਕੌਰ, ਅਬਨਾਸ਼ / Kaur, Abnash
9 (RLIN) 847651
245 ## - TITLE STATEMENT
Title ਸਿੱਖ ਧਰਮ ਦਾ ਆਰਥਿਕ ਪੱਖ / Sikh Dharam da Arhik pakh
260 ## - PUBLICATION, DISTRIBUTION, ETC.
Place of publication, distribution, etc. Delhi, India:
Name of publisher, distributor, etc. ਮਨਪ੍ਰੀਤ ਪ੍ਰਕਾਸ਼ਨ / Manpreet Prakashan;
Date of publication, distribution, etc. 2025.
300 ## - PHYSICAL DESCRIPTION
Extent 124p.
365 ## - TRADE PRICE
Price amount 495.00
Currency code INR
650 ## - SUBJECT ADDED ENTRY--TOPICAL TERM
Source of heading or term Sikh Dharam
650 ## - SUBJECT ADDED ENTRY--TOPICAL TERM
Source of heading or term dharam
700 ## - ADDED ENTRY--PERSONAL NAME
Personal name ਕੌਰ, ਬਿਮਲਦੀਪ
Relator term co- author
9 (RLIN) 851389
942 ## - ADDED ENTRY ELEMENTS (KOHA)
Koha item type Textbook
Source of classification or shelving scheme Colon Classification (CC)
Suppress in OPAC No
Classification part Q8441 153R5
Holdings
Withdrawn status Lost status Source of classification or shelving scheme Damaged status Not for loan Home library Current library Date acquired Source of acquisition Cost, normal purchase price Inventory number Total Checkouts Full call number Barcode Date last seen Cost, replacement price Price effective from Koha item type
    Colon Classification (CC)     Central Library Central Library 2025-10-21 33/H.K. Prakashan 396.00 1860/ 2025-10-11   Q8441 153R5 CL1924045 2025-10-21 495.00 2025-10-21 Textbook
Copyright @ Delhi University Library System